| 000 | 01015nam a22001937a 4500 | ||
|---|---|---|---|
| 999 |
_c9228 _d9228 |
||
| 003 | AR-CdUCM | ||
| 008 | 190327b ||||| |||| 00| 0 eng d | ||
| 040 |
_aMUNICIPALIDAD PROVINCIAL DEL CUSCO _cBIBLIOTECA MUNICIPAL DEL CUSCO |
||
| 082 |
_a600 / _bS46 |
||
| 100 |
_aSell, Ruth _925295 |
||
| 245 |
_aDiccionario técnico completísimo de : _bAeronautica -Automóviles -Ferrocarriles -Carreteras -Electricidad - Electrónica -Radio -Televisión -Maquinas -Herramientas -Implementos Agrícolas -Pinturas y tintes -Petróleos -Productos de acero / |
||
| 260 |
_aLondon : _bMcgraw-hill book, _c1949. |
||
| 300 |
_a1705 paginas ; _c27 cm. |
||
| 505 | _aContenido :Diccionario técnico completísimo de Aeronautica -Automóviles -Ferrocarriles -Carreteras -Electricidad - Electrónica -Radio -Televisión -Maquinas -Herramientas -Implementos Agrícolas -Pinturas y tintes -Petróleos -Productos de acero / | ||
| 650 |
_aDiccionario _95196 |
||
| 650 |
_aCiencias aplicadas _920077 |
||
| 942 |
_2ddc _cLIBROS |
||
| 945 | _arjall | ||